Management Information Systems (Record no. 944560)

MARC details
000 -LEADER
fixed length control field 00351nam a2200133Ia 4500
008 - FIXED-LENGTH DATA ELEMENTS--GENERAL INFORMATION
fixed length control field 231207s9999 xx 000 0 und d
041 ## - LANGUAGE CODE
Language code of text/sound track or separate title eng
100 ## - MAIN ENTRY--PERSONAL NAME
Personal name James, O Brian
245 ## - TITLE STATEMENT
Title Management Information Systems
250 ## - EDITION STATEMENT
Edition statement 4th Edition 2002
260 ## - PUBLICATION, DISTRIBUTION, ETC.
Name of publisher, distributor, etc. Tata mc graw hill New Delhi
300 ## - PHYSICAL DESCRIPTION
Extent PB/829
650 ## - SUBJECT ADDED ENTRY--TOPICAL TERM
Topical term or geographic name entry element Comnputer Program Language
Holdings
Withdrawn status Lost status Damaged status Not for loan Home library Current library Date acquired Cost, normal purchase price Total Checkouts Barcode Date last seen Price effective from Koha item type
        Institute of Management & Information Technology, Navi Mumbai Institute of Management & Information Technology, Navi Mumbai 08/12/2023 295.00   MIM-MCA355 08/12/2023 08/12/2023 Book